Obsolete names of countries in Chinese - Statistics

General Stats
  • This quiz has been taken 20 times
  • The average score is 6 of 12
Answer Stats
Names Romanisation Continent Answer % Correct
羅剎 Luosha Europe/Asia Russia
92%
坎拿大 Kannada North America Canada
85%
捏迷思 Niemisi Europe Germany
77%
波羅尼亞 Boluoniya Europe Poland
77%
榜葛剌 Panggela Asia Bangladesh
46%
米昔兒 Mixier Africa Egypt
46%
馬扎爾 Mazhaer Europe Hungary
46%
布魯克巴 Bulukeba Asia Bhutan
38%
亞毘心域 Yapixinyu Africa Ethiopia
38%
波斯 Bosi Asia Iran
38%
日斯巴尼亞 Risibaniya Europe Spain
38%
渤泥 Boni Asia Brunei
23%
No matching quizzes found
Score Distribution
Percent of People with Each Score
Percentile by Number Answered
Your Score History
You have not taken this quiz